Swapy - deriváty finančného trhu
Swapy - významné operácie na peňažnom a devízovom trhu. Členenie swapov. Prečo vznikajú swapy. Výhody dominantného partnera. Rozdielne hodnotenie peňažného trhu swapovými partnermi. Preferencia rozdielnej meny. Výhody swapových operácií.
Salvato in:
| Autore principale: | |
|---|---|
| Natura: | Capitolo di libro |
| Lingua: | slovacco |
| Soggetti: | |
| Tags: |
Nessun Tag, puoi essere il primo ad aggiungerne!!
|
MARC
| LEADER | 00000naa a2200000 4500 | ||
|---|---|---|---|
| 001 | r016531 | ||
| 005 | 20221205101350.3 | ||
| 041 | 0 | |a slo | |
| 044 | |a SK | ||
| 245 | 1 | 0 | |a Swapy - deriváty finančného trhu |c Eva Horvátová |
| 520 | |a Swapy - významné operácie na peňažnom a devízovom trhu. Členenie swapov. Prečo vznikajú swapy. Výhody dominantného partnera. Rozdielne hodnotenie peňažného trhu swapovými partnermi. Preferencia rozdielnej meny. Výhody swapových operácií. | ||
| 610 | 2 | 0 | |a swap |
| 610 | 2 | 0 | |a pojmy |
| 610 | 2 | 0 | |a trh devízový |
| 610 | 2 | 0 | |a trh peňažný |
| 610 | 2 | 0 | |a mena |
| 610 | 2 | 0 | |a úrok |
| 610 | 2 | 0 | |a dlhopisy |
| 100 | 1 | |a Horvátová, Eva, 1958- | |